000 00303nam a22001337a 4500
008 170331b xxu||||| |||| 00| 0 eng d
020 _a9780375700002
041 _aeng
080 _a616-053.2
100 _a8
101 _aSHM
245 _aPENELOPE LEACH YOUR BABY CHILD
_cKNOPHF.A.A
942 _2udc
_cBK
999 _c9262
_d9262